[Event "GBR-ch86"]
[Site "Scarborough"]
[Date "1999.08.13"]
[Round "11.21"]
[White "McFarland, Robert S"]
[Black "Arkell, Keith C"]
[Result "0-1"]
[WhiteElo "2267"]
[BlackElo "2462"]
[PlyCount "110"]
[EventDate "1999.08.02"]
[EventType "swiss"]
[EventRounds "11"]
[EventCountry "GBR"]

1. Nf3 d6 2. d4 g6 3. c4 Bg7 4. g3 Nf6 5. Nc3 O-O 6. Bg2 Nc6 7. O-O Rb8 8. h3
a6 9. Be3 b5 10. Nd2 Na5 11. cxb5 axb5 12. b4 Nc4 13. Nxc4 bxc4 14. b5 d5 15.
a4 e6 16. Qd2 Bd7 17. Rfb1 c6 18. Bf4 Rb7 19. bxc6 Rxb1+ 20. Rxb1 Bxc6 21. Be5
Qa5 22. Qb2 Nd7 23. Bxg7 Rb8 24. Qa3 Rxb1+ 25. Nxb1 Kxg7 26. Nc3 Nb6 27. e4
Nxa4 28. exd5 Qxc3 29. Qxc3 Nxc3 30. dxc6 Nb5 31. Kf1 Kf6 32. Ke1 Ke7 33. Kd2
Kd6 34. Ke3 c3 35. Be4 f5 36. Bc2 Kxc6 37. Kd3 Kb6 38. Ba4 Nd6 39. Bd7 Ne4 40.
Bxe6 Nxf2+ 41. Kxc3 Nxh3 42. Bg8 Ng5 43. Kd3 Kc6 44. Ke3 Kd6 45. Kf4 Ne6+ 46.
Ke3 Ke7 47. Bxh7 Kf7 48. Bxg6+ Kxg6 49. d5 Nf8 50. Kd4 Kf6 51. d6 Ke6 52. Kc5
Nd7+ 53. Kc6 Nf6 54. Kc5 Ne4+ 55. Kd4 Nxd6 0-1

[Event "GBR-ch86"]
[Site "Scarborough"]
[Date "1999.08.13"]
[Round "11.22"]
[White "Naylor, John"]
[Black "Ledger, Andrew"]
[Result "0-1"]
[WhiteElo "2233"]
[BlackElo "2431"]
[PlyCount "112"]
[EventDate "1999.08.02"]
[EventType "swiss"]
[EventRounds "11"]
[EventCountry "GBR"]

1. e4 e6 2. d4 d5 3. Nc3 dxe4 4. Nxe4 Nd7 5. Nf3 Ngf6 6. Nxf6+ Nxf6 7. Bd3 c5
8. dxc5 Bxc5 9. O-O O-O 10. Bg5 b6 11. Qe2 Bb7 12. Rad1 Qc7 13. Bxf6 gxf6 14.
Be4 Rfd8 15. Bxb7 Qxb7 16. Rxd8+ Rxd8 17. Rd1 Rxd1+ 18. Qxd1 Qe4 19. a3 b5 20.
Kf1 Kf8 21. Qe2 Qxe2+ 22. Kxe2 Ke7 23. Nd2 Bd4 24. c3 Be5 25. h3 f5 26. Kd3 Kd6
27. Nf3 Bf6 28. Nd4 a6 29. Nc2 Bh4 30. g3 Bf6 31. b3 Kc5 32. Ne3 Be5 33. f4 Bf6
34. g4 fxg4 35. hxg4 Kd6 36. Nd1 Bh4 37. Ke4 Be1 38. f5 Bd2 39. fxe6 fxe6 40.
a4 bxa4 41. bxa4 Kc5 42. Ke5 Kc4 43. Kxe6 a5 44. Kd6 Kb3 45. Kc5 Kxa4 46. Kc4
Ka3 47. Kd3 Bg5 48. Kc2 Ka4 49. Nf2 Kb5 50. Ne4 Be7 51. Kb3 a4+ 52. Kc2 Kc4 53.
Nd2+ Kd5 54. Kd3 Ke5 55. Nc4+ Kf4 56. Ne3 a3 0-1

[Event "GBR-ch86"]
[Site "Scarborough"]
[Date "1999.08.13"]
[Round "11.23"]
[White "Churm, Rohan"]
[Black "Bin-Sattar, Reefat"]
[Result "0-1"]
[WhiteElo "2168"]
[BlackElo "2377"]
[PlyCount "78"]
[EventDate "1999.08.02"]
[EventType "swiss"]
[EventRounds "11"]
[EventCountry "GBR"]

1. d4 d5 2. c4 e6 3. Nc3 c6 4. Nf3 dxc4 5. a4 Bb4 6. Bd2 a5 7. e3 b5 8. axb5
Bxc3 9. Bxc3 cxb5 10. b3 Bb7 11. bxc4 b4 12. Bb2 Nf6 13. Bd3 Nbd7 14. O-O O-O
15. Qc2 Qc7 16. h3 h6 17. e4 e5 18. Nh4 exd4 19. Bxd4 Ne5 20. Nf5 Rfd8 21. Rad1
Bc8 22. f4 Nxd3 23. Qxd3 Bxf5 24. exf5 a4 25. g4 b3 26. Qf3 Qxc4 27. g5 hxg5
28. fxg5 Nh7 29. g6 Nf8 30. Qh5 Rxd4 31. gxf7+ Qxf7 32. Qxf7+ Kxf7 33. Rxd4 a3
34. Rb4 b2 35. f6 gxf6 36. Rb6 Nd7 37. Rb7 Kg6 38. Rxd7 a2 39. Rb7 a1=Q 0-1

[Event "GBR-ch86"]
[Site "Scarborough"]
[Date "1999.08.13"]
[Round "11.24"]
[White "Heidenfeld, Mark"]
[Black "Greet, Andrew"]
[Result "0-1"]
[WhiteElo "2368"]
[BlackElo "2215"]
[PlyCount "82"]
[EventDate "1999.08.02"]
[EventType "swiss"]
[EventRounds "11"]
[EventCountry "GBR"]

1. e4 c5 2. Nf3 d6 3. d4 Nf6 4. dxc5 Nxe4 5. cxd6 Nc6 6. Nbd2 Nxd6 7. Nc4 Nxc4
8. Qxd8+ Kxd8 9. Bxc4 f6 10. Be3 e5 11. O-O-O+ Kc7 12. h3 Be7 13. c3 Bf5 14.
Nh4 Bd7 15. f4 Bd6 16. f5 Ne7 17. Rhf1 Bc6 18. Rd2 b6 19. b4 Rad8 20. g4 g5 21.
Nf3 h5 22. Nxg5 fxg5 23. Bxg5 hxg4 24. hxg4 Rh3 25. Bb3 Bf3 26. Rff2 Bxg4 27.
Rxd6 Kxd6 28. f6 Ng6 29. Rd2+ Kc7 30. Rg2 Bf3 31. Rf2 e4 32. f7 Rf8 33. Be6 Rh5
34. Bf6 Rh7 35. Bd4 Rhxf7 36. Bxf7 Rxf7 37. Rh2 Kb7 38. a4 Nf4 39. Kd2 Rd7 40.
Ke3 Ne6 41. Rh8 Nxd4 0-1

[Event "GBR-ch86"]
[Site "Scarborough"]
[Date "1999.08.13"]
[Round "11.25"]
[White "Shaw, Robert"]
[Black "Duncan, Christopher R"]
[Result "0-1"]
[WhiteElo "2184"]
[BlackElo "2297"]
[PlyCount "144"]
[EventDate "1999.08.02"]
[EventType "swiss"]
[EventRounds "11"]
[EventCountry "GBR"]

1. e4 c5 2. Nf3 d6 3. Bb5+ Bd7 4. Bxd7+ Qxd7 5. c4 Nc6 6. d4 cxd4 7. Nxd4 Nf6
8. Nc3 g6 9. O-O Bg7 10. Nde2 O-O 11. f3 a6 12. a4 e6 13. Bg5 Qc7 14. Kh1 Rfe8
15. b3 Nd7 16. Bf4 Nce5 17. Qc2 Rad8 18. Rfd1 Nc5 19. Bg5 Rc8 20. Rab1 Bf8 21.
Qd2 b6 22. h3 f5 23. exf5 gxf5 24. Bf6 Qf7 25. Qg5+ Ng6 26. Nf4 Nd7 27. Nxg6
Qxg6 28. Qxg6+ hxg6 29. Bg5 Kf7 30. Bf4 Ne5 31. Bxe5 dxe5 32. Rd7+ Kf6 33. Rbd1
Bb4 34. Ne2 Re7 35. Kg1 b5 36. axb5 axb5 37. cxb5 Rb8 38. Kf1 Rxb5 39. Ng3 Rxd7
40. Rxd7 Bc3 41. Ne2 Rxb3 42. Kf2 Ba5 43. Rd1 Bb6+ 44. Kf1 Rb2 45. Ke1 Be3 46.
Ra1 e4 47. fxe4 f4 48. Kf1 Ke5 49. Re1 g5 50. Ra1 Kxe4 51. Nc3+ Kf5 52. Nd1 Rb3
53. Nxe3+ Rxe3 54. Kf2 Rd3 55. Ra8 Ke4 56. Ke2 Rg3 57. Ra4+ Kf5 58. Kf2 e5 59.
Ra8 Rd3 60. Ke2 Rc3 61. Ra5 Rg3 62. Kf2 Rd3 63. Ke2 Rd6 64. Kf3 Rb6 65. Kf2
Rb2+ 66. Kf3 Rc2 67. Rb5 Ra2 68. Rc5 Ra3+ 69. Kf2 Ke4 70. Rc2 Kd3 71. Rc5 Ra2+
72. Kf3 e4+ 0-1

[Event "GBR-ch86"]
[Site "Scarborough"]
[Date "1999.08.13"]
[Round "11.28"]
[White "Bisby, Daniel"]
[Black "Farndon, David"]
[Result "1-0"]
[WhiteElo "2252"]
[BlackElo "2238"]
[PlyCount "105"]
[EventDate "1999.08.02"]
[EventType "swiss"]
[EventRounds "11"]
[EventCountry "GBR"]

1. e4 c5 2. Nf3 Nc6 3. d4 cxd4 4. Nxd4 g6 5. Nc3 Bg7 6. Be3 Nf6 7. Bc4 Qa5 8.
O-O O-O 9. Bb3 d6 10. h3 Bd7 11. Re1 Rfe8 12. a3 Rac8 13. Nxc6 bxc6 14. f4 Be6
15. Bxe6 fxe6 16. Qd3 Rf8 17. Rab1 Nh5 18. Rf1 Bh6 19. b4 Qc7 20. Ne2 Nf6 21.
Nd4 Qd7 22. f5 Bxe3+ 23. Qxe3 exf5 24. exf5 Nd5 25. Qg5 Rf6 26. b5 c5 27. fxg6
Rxg6 28. Qxd5+ e6 29. Nxe6 Qxe6 30. Qxe6+ Rxe6 31. Rb3 Kg7 32. Rg3+ Rg6 33.
Rxg6+ hxg6 34. Rd1 Rd8 35. c4 Kf6 36. Kf2 Ke6 37. Ke3 Rh8 38. a4 Rh4 39. Rc1 d5
40. a5 Kd6 41. Rb1 Rxc4 42. b6 axb6 43. axb6 Re4+ 44. Kf3 Re8 45. b7 Rb8 46. h4
c4 47. Ke3 Kc5 48. g4 d4+ 49. Kd2 Kd5 50. h5 gxh5 51. gxh5 Ke6 52. h6 Kf7 53.
Rg1 1-0

[Event "GBR-ch86"]
[Site "Scarborough"]
[Date "1999.08.13"]
[Round "11.30"]
[White "Stephenson, F Norman"]
[Black "Smith, Andrew Philip"]
[Result "1-0"]
[WhiteElo "2212"]
[BlackElo "2275"]
[PlyCount "97"]
[EventDate "1999.08.02"]
[EventType "swiss"]
[EventRounds "11"]
[EventCountry "GBR"]

1. d4 c6 2. Nf3 d6 3. c4 a6 4. b3 Bg4 5. e3 e6 6. Be2 Nd7 7. Bb2 Ngf6 8. O-O
Be7 9. Nbd2 O-O 10. h3 Bh5 11. Nh4 Bxe2 12. Qxe2 d5 13. Nhf3 Bb4 14. e4 Kh8 15.
a3 Bxd2 16. Nxd2 b5 17. Bc3 Qb6 18. e5 Ng8 19. c5 Qb7 20. Ba5 Ne7 21. Nf3 Rae8
22. a4 Nf5 23. axb5 axb5 24. Ra2 Ra8 25. Rfa1 Ra6 26. g4 Ne7 27. Bc3 Rfa8 28.
Rxa6 Rxa6 29. Rxa6 Qxa6 30. Ng5 Qa3 31. Nxf7+ Kg8 32. Nd8 Qc1+ 33. Be1 Qh6 34.
Qd3 Nf8 35. Bd2 Qh4 36. Qf3 Nf5 37. Nxc6 Ne7 38. Nd8 Nf5 39. Nxe6 Nxe6 40. gxf5
Nxd4 41. Qxd5+ Kf8 42. Qa8+ Ke7 43. Qb7+ Ke8 44. e6 Qe7 45. Qd5 Qd8 46. Qb7 Qe7
47. Qe4 Qxc5 48. Qa8+ Ke7 49. Bg5+ 1-0

[Event "GBR-ch86"]
[Site "Scarborough"]
[Date "1999.08.13"]
[Round "11.31"]
[White "Simons, Martin"]
[Black "Harris, Costas"]
[Result "1/2-1/2"]
[WhiteElo "2264"]
[BlackElo "2065"]
[PlyCount "36"]
[EventDate "1999.08.02"]
[EventType "swiss"]
[EventRounds "11"]
[EventCountry "GBR"]

1. e4 e6 2. d4 d5 3. e5 c5 4. c3 Nc6 5. Nf3 Bd7 6. Bd3 Rc8 7. dxc5 Bxc5 8. b4
Bb6 9. O-O Nge7 10. Re1 Ng6 11. a4 a6 12. g3 Ba7 13. b5 Na5 14. h4 Nc4 15. h5
Ne7 16. Na3 Qa5 17. Qb3 Nb6 18. Nb1 Nc4 1/2-1/2

[Event "GBR-ch86"]
[Site "Scarborough"]
[Date "1999.08.13"]
[Round "11.33"]
[White "Ledger, Stephen C"]
[Black "Jackson, Adrian"]
[Result "1-0"]
[WhiteElo "2162"]
[BlackElo "2223"]
[PlyCount "67"]
[EventDate "1999.08.02"]
[EventType "swiss"]
[EventRounds "11"]
[EventCountry "GBR"]

1. d4 Nf6 2. Nf3 g6 3. Bf4 Bg7 4. e3 d6 5. h3 O-O 6. Be2 Nbd7 7. O-O Qe8 8. c4
e5 9. Bh2 Qe7 10. Nc3 e4 11. Nd2 c6 12. Qc2 Re8 13. b4 Nf8 14. Rab1 h5 15. Nb3
Bf5 16. Rfd1 d5 17. b5 Ne6 18. bxc6 bxc6 19. Na5 Rec8 20. Qa4 dxc4 21. Bxc4 c5
22. d5 Ng5 23. d6 Qf8 24. Nd5 Nxd5 25. Bxd5 Rab8 26. Rxb8 Rxb8 27. d7 Rd8 28.
Bc6 Qe7 29. Nb7 Nxh3+ 30. gxh3 Qg5+ 31. Kh1 Bxh3 32. Qxe4 Bg4 33. Nxd8 Bxd1 34.
Nxf7 1-0

[Event "GBR-ch86"]
[Site "Scarborough"]
[Date "1999.08.13"]
[Round "11.36"]
[White "Thiruchelvam, Murugan"]
[Black "Storey, Charles H"]
[Result "0-1"]
[WhiteElo "2088"]
[BlackElo "2211"]
[PlyCount "58"]
[EventDate "1999.08.02"]
[EventType "swiss"]
[EventRounds "11"]
[EventCountry "GBR"]

1. Nf3 d6 2. d4 g6 3. e4 Bg7 4. Nc3 c6 5. Be2 Nd7 6. O-O e6 7. Bf4 e5 8. Be3
Ngf6 9. dxe5 dxe5 10. h3 O-O 11. Qd2 Qc7 12. Rad1 Re8 13. Qc1 b6 14. a4 Bf8 15.
Bc4 Bb4 16. Ng5 Rf8 17. f4 h6 18. fxe5 Nxe5 19. Ba2 Nh5 20. Nxf7 Nxf7 21. Bxh6
Ba6 22. Bxf8 Rxf8 23. Rxf7 Rxf7 24. Bxf7+ Kxf7 25. Rf1+ Bxf1 26. Qxf1+ Kg7 27.
Qf3 Qe5 28. Nd1 Ng3 29. Nf2 Bc5 0-1

[Event "GBR-ch86"]
[Site "Scarborough"]
[Date "1999.08.13"]
[Round "11.37"]
[White "Buckley, Melanie"]
[Black "Berry, Neil"]
[Result "1/2-1/2"]
[WhiteElo "2075"]
[BlackElo "2200"]
[PlyCount "25"]
[EventDate "1999.08.02"]
[EventType "swiss"]
[EventRounds "11"]
[EventCountry "GBR"]

1. e4 c5 2. Nc3 d6 3. g3 Nc6 4. Bg2 g6 5. d3 Bg7 6. Be3 e6 7. Qd2 Nge7 8. Bh6
O-O 9. h4 Bxh6 10. Qxh6 f6 11. Nf3 e5 12. Nd1 Kh8 13. Qd2 1/2-1/2

[Event "GBR-ch86"]
[Site "Scarborough"]
[Date "1999.08.13"]
[Round "11.39"]
[White "Sugden, John"]
[Black "Dempsey, Paul"]
[Result "0-1"]
[WhiteElo "2241"]
[BlackElo "2168"]
[PlyCount "102"]
[EventDate "1999.08.02"]
[EventType "swiss"]
[EventRounds "11"]
[EventCountry "GBR"]

1. d4 Nf6 2. c4 c5 3. d5 b5 4. f3 b4 5. e4 d6 6. Bd3 g6 7. f4 Bg7 8. e5 Nfd7 9.
e6 fxe6 10. dxe6 Nf6 11. f5 Nc6 12. Nf3 gxf5 13. Bxf5 O-O 14. Be3 Qe8 15. g4
Nd8 16. Ng5 Qc6 17. Rg1 h6 18. h4 hxg5 19. hxg5 Bxe6 20. gxf6 Rxf6 21. Qd3 Bxf5
22. gxf5 Nf7 23. Nd2 Ne5 24. Qe2 Raf8 25. O-O-O Rxf5 26. Bh6 R8f7 27. Qh2 Rf2
28. Qg3 R2f6 29. Bxg7 Rg6 30. Bxe5 Rxg3 31. Bxg3 Kf8 32. Rdf1 Rxf1+ 33. Rxf1+
Ke8 34. Re1 Kd7 35. Bh4 e5 36. Re4 Qa4 37. a3 bxa3 38. bxa3 Qxa3+ 39. Kc2 a5
40. Bf2 a4 41. Re1 Ke6 42. Be3 Qa2+ 43. Kc3 a3 44. Rb1 e4 45. Bg1 Kd7 46. Be3
Kc6 47. Bh6 d5 48. cxd5+ Qxd5 49. Kc2 Qd3+ 50. Kc1 Qc3+ 51. Kd1 a2 0-1

[Event "GBR-ch86"]
[Site "Scarborough"]
[Date "1999.08.13"]
[Round "11.40"]
[White "Lilley, Graham"]
[Black "McMahon, Paul"]
[Result "1-0"]
[WhiteElo "2235"]
[BlackElo "2030"]
[PlyCount "41"]
[EventDate "1999.08.02"]
[EventType "swiss"]
[EventRounds "11"]
[EventCountry "GBR"]

1. c4 Nf6 2. Nc3 e6 3. d4 d5 4. cxd5 exd5 5. Bg5 c6 6. Qc2 Be7 7. e3 O-O 8. Bd3
Nbd7 9. Nge2 Re8 10. f3 h6 11. Bh4 Qa5 12. O-O c5 13. Bf2 c4 14. Bf5 Nf8 15.
Bxc8 Raxc8 16. e4 dxe4 17. fxe4 Qg5 18. h3 Ng6 19. e5 Nh5 20. Ne4 Qf5 21. Nf6+
1-0

[Event "GBR-ch86"]
[Site "Scarborough"]
[Date "1999.08.13"]
[Round "11.42"]
[White "Buckley, David"]
[Black "Thipsay, Bhagyashree"]
[Result "1/2-1/2"]
[WhiteElo "2163"]
[BlackElo "2335"]
[PlyCount "59"]
[EventDate "1999.08.02"]
[EventType "swiss"]
[EventRounds "11"]
[EventCountry "GBR"]

1. e4 c6 2. d4 d5 3. exd5 cxd5 4. c4 e6 5. a3 Nf6 6. Nc3 Be7 7. c5 O-O 8. Nf3
b6 9. b4 Ne4 10. Qc2 Nxc3 11. Qxc3 bxc5 12. bxc5 Qc7 13. g3 f6 14. Bf4 Qc6 15.
Rb1 Ba6 16. Qb3 e5 17. dxe5 Bxc5 18. Bxa6 Nxa6 19. O-O Rab8 20. Qd3 Rxb1 21.
Rxb1 fxe5 22. Bxe5 Bb6 23. Nd4 Qc4 24. Qxc4 dxc4 25. Rc1 Nc5 26. Rxc4 Nd3 27.
Bc7 Rc8 28. Ne6 Nxf2 29. Kf1 Bxc7 30. Rxc7 1/2-1/2

[Event "GBR-ch86"]
[Site "Scarborough"]
[Date "1999.08.13"]
[Round "11.43"]
[White "Clarke, Thomas"]
[Black "Bushill, Michael"]
[Result "1/2-1/2"]
[WhiteElo "2204"]
[BlackElo "2072"]
[PlyCount "90"]
[EventDate "1999.08.02"]
[EventType "swiss"]
[EventRounds "11"]
[EventCountry "GBR"]

1. d4 Nf6 2. Bg5 Ne4 3. h4 c5 4. d5 Nxg5 5. hxg5 g6 6. Qd2 Bg7 7. c4 d6 8. e4
Qb6 9. Nc3 Nd7 10. f4 Qb4 11. Rc1 Nb6 12. b3 a5 13. Nf3 a4 14. Nb5 Qxd2+ 15.
Kxd2 Kd8 16. e5 axb3 17. axb3 Ra2+ 18. Rc2 Rxc2+ 19. Kxc2 Bd7 20. Nc3 Bg4 21.
exd6 exd6 22. Nb5 Kd7 23. Be2 h5 24. gxh6 Rxh6 25. Rxh6 Bxh6 26. g3 Ke7 27. Ng1
Bf5+ 28. Bd3 Bg4 29. Ne2 Nd7 30. Nec3 Nf6 31. Ne4 Nxe4 32. Bxe4 g5 33. fxg5
Bxg5 34. Kb2 Bd2 35. Ka3 Be1 36. Na7 f5 37. Bd3 Kd7 38. Ka4 Bxg3 39. Ka5 f4 40.
Bf1 Bd1 41. Kb6 f3 42. Kxb7 Ke8 43. Nc8 Bxb3 44. Kc6 Bd1 45. Nxd6+ Bxd6 1/2-1/2

[Event "GBR-ch86 Major Open"]
[Site "Scarborough"]
[Date "1999.08.02"]
[Round "1"]
[White "Wooldridge, Leon"]
[Black "Willmoth, Robert"]
[Result "1-0"]
[WhiteElo "1960"]
[BlackElo "2184"]
[PlyCount "59"]
[EventDate "1999.08.02"]
[EventType "swiss"]
[EventRounds "11"]
[EventCountry "GBR"]

1. d4 d6 2. Nf3 Nf6 3. c4 Bg4 4. Nbd2 e6 5. h3 Bh5 6. Qb3 Qc8 7. g3 Be7 8. Bg2
Nc6 9. Qc3 O-O 10. b4 Qd7 11. b5 Nd8 12. Bb2 Ne8 13. O-O f5 14. a4 Nf6 15. Qc2
Nf7 16. Rae1 Rac8 17. e4 Bxf3 18. Bxf3 Ng5 19. Bg2 Nfxe4 20. Nxe4 fxe4 21. Bxe4
c6 22. f4 Nxe4 23. Qxe4 Rf6 24. d5 cxd5 25. cxd5 e5 26. g4 Rh6 27. Kg2 Bh4 28.
Rc1 Rxc1 29. Rxc1 exf4 30. Rc7 1-0

[Event "GBR-ch86 Major Open"]
[Site "Scarborough"]
[Date "1999.08.03"]
[Round "2"]
[White "Willmoth, Robert"]
[Black "Waller, Laurie"]
[Result "1-0"]
[WhiteElo "2184"]
[BlackElo "1800"]
[PlyCount "67"]
[EventDate "1999.08.02"]
[EventType "swiss"]
[EventRounds "11"]
[EventCountry "GBR"]

1. e4 c5 2. Nc3 e6 3. Nf3 Nf6 4. d4 cxd4 5. Nxd4 d6 6. g4 a6 7. g5 Nfd7 8. Be3
Be7 9. h4 Nc6 10. Bh3 Nc5 11. Nxc6 bxc6 12. Bxc5 dxc5 13. Qxd8+ Kxd8 14. O-O-O+
Kc7 15. e5 Bb7 16. Ne4 Rad8 17. Rde1 c4 18. Bf1 c5 19. c3 g6 20. Rg1 h6 21.
Bxc4 hxg5 22. hxg5 Rh2 23. Rgf1 Bxe4 24. Rxe4 Bxg5+ 25. Kb1 Rd2 26. Bxa6 Rhxf2
27. Rxf2 Rxf2 28. Bd3 Bf4 29. a4 g5 30. Bc2 Kc6 31. a5 Rh2 32. a6 Kb6 33. b4
cxb4 34. Rxb4+ 1-0

[Event "GBR-ch86 Major Open"]
[Site "Scarborough"]
[Date "1999.08.04"]
[Round "3"]
[White "Garnett, John"]
[Black "Willmoth, Robert"]
[Result "0-1"]
[WhiteElo "1848"]
[BlackElo "2184"]
[PlyCount "50"]
[EventDate "1999.08.02"]
[EventType "swiss"]
[EventRounds "11"]
[EventCountry "GBR"]

1. d4 d6 2. Nf3 Nf6 3. Bg5 Nbd7 4. Nc3 c6 5. e4 e5 6. dxe5 dxe5 7. a3 b5 8. Bd3
Be7 9. O-O O-O 10. Ne2 Qc7 11. c4 a6 12. cxb5 cxb5 13. Rc1 Qb8 14. Ng3 Re8 15.
Nf5 Bf8 16. Qd2 h6 17. Bh4 Qb6 18. Rfd1 Nc5 19. Bxf6 Qxf6 20. Ne3 Bb7 21. Ng4
Qe6 22. Ngxe5 Nb3 23. Qe3 Nxc1 24. Rxc1 Bd6 25. Qd4 Bxe5 0-1

[Event "GBR-ch86 Major Open"]
[Site "Scarborough"]
[Date "1999.08.05"]
[Round "4"]
[White "Willmoth, Robert"]
[Black "Edwards, David"]
[Result "1-0"]
[WhiteElo "2184"]
[BlackElo "2016"]
[PlyCount "85"]
[EventDate "1999.08.02"]
[EventType "swiss"]
[EventRounds "11"]
[EventCountry "GBR"]

1. b3 Nf6 2. Bb2 e6 3. e3 d5 4. f4 Nc6 5. Nf3 Bd6 6. Bb5 Bd7 7. O-O Qe7 8. Bxc6
Bxc6 9. Ne5 O-O 10. d3 Nd7 11. Qf3 Rac8 12. a3 f6 13. Nxc6 bxc6 14. e4 Qf7 15.
Nd2 f5 16. e5 Be7 17. b4 h6 18. d4 g5 19. Nb3 Kh7 20. Na5 Nb8 21. Qc3 gxf4 22.
Rf3 Rg8 23. Bc1 Rg4 24. Bxf4 Rcg8 25. g3 Qe8 26. Qd3 Qh5 27. Kg2 R4g6 28. Raf1
Bg5 29. c4 Bxf4 30. Rxf4 Qg5 31. Qd1 h5 32. Kh1 Rh6 33. Rh4 Qg6 34. Qc2 Qf7 35.
cxd5 cxd5 36. Rc1 Rg7 37. Qc5 Rg4 38. Qxc7 Qxc7 39. Rxc7+ Kg6 40. Re7 Rxh4 41.
gxh4 f4 42. Kg2 Rh8 43. Kf3 1-0

[Event "GBR-ch86 Major Open"]
[Site "Scarborough"]
[Date "1999.08.06"]
[Round "5"]
[White "Hankinson, Michael"]
[Black "Willmoth, Robert"]
[Result "0-1"]
[WhiteElo "1984"]
[BlackElo "2184"]
[PlyCount "85"]
[EventDate "1999.08.02"]
[EventType "swiss"]
[EventRounds "11"]
[EventCountry "GBR"]

1. f4 Nf6 2. b3 d6 3. e3 e5 4. fxe5 dxe5 5. Nc3 Bd6 6. e4 Bc5 7. Qe2 O-O 8. Bb2
Nc6 9. Na4 Bxg1 10. Rxg1 Nb4 11. d3 b5 12. Nc3 a6 13. a3 Nc6 14. Qd2 Nd4 15.
Ne2 Ng4 16. Nxd4 exd4 17. O-O-O c5 18. h3 Ne3 19. Re1 Be6 20. Rxe3 dxe3 21.
Qxe3 Rc8 22. Be2 a5 23. Rf1 a4 24. bxa4 bxa4 25. c4 Qe7 26. g4 Rb8 27. Bd1 Bd7
28. g5 Rb6 29. Bc3 Rfb8 30. Bc2 Rc8 31. h4 Qe6 32. Qf4 Be8 33. Rg1 Qh3 34. Qf2
Rg6 35. Re1 Ra6 36. Re3 Qh1+ 37. Re1 Qh3 38. Kd2 h6 39. Re3 Qh1 40. Re1 Qh3 41.
Re3 Qe6 42. Bd1 hxg5 43. h5 0-1

[Event "GBR-ch86 Major Open"]
[Site "Scarborough"]
[Date "1999.08.07"]
[Round "6"]
[White "Willmoth, Robert"]
[Black "Taylor, Martin"]
[Result "1/2-1/2"]
[WhiteElo "2184"]
[BlackElo "2016"]
[PlyCount "85"]
[EventDate "1999.08.02"]
[EventType "swiss"]
[EventRounds "11"]
[EventCountry "GBR"]

1. e4 e5 2. Nc3 Nf6 3. g3 Nc6 4. Bg2 Bc5 5. d3 O-O 6. Be3 d6 7. Qd2 Be6 8. Nge2
Bxe3 9. fxe3 d5 10. O-O dxe4 11. Nxe4 Nxe4 12. Bxe4 Bd5 13. Bf5 Ne7 14. Bh3 c5
15. Rf2 Qd6 16. Nc3 Bc6 17. Raf1 Rad8 18. Qe2 b5 19. b3 b4 20. Ne4 Bxe4 21.
dxe4 f6 22. Bg4 Kh8 23. Rc1 Nc8 24. Bxc8 Rxc8 25. Rd1 Qe7 26. Qe1 Rfd8 27. Rfd2
Rxd2 28. Qxd2 h6 29. Qd7 Qxd7 30. Rxd7 c4 31. Rxa7 cxb3 32. cxb3 Rc1+ 33. Kg2
Rc2+ 34. Kh3 Kh7 35. Ra4 Kg6 36. Kg4 h5+ 37. Kf3 Rxh2 38. Rxb4 Rxa2 39. Rb7 Rb2
40. b4 Kh6 41. Rb6 Kh7 42. Rb7 Kh6 43. Rb6 1/2-1/2

[Event "GBR-ch86 Major Open"]
[Site "Scarborough"]
[Date "1999.08.09"]
[Round "7"]
[White "Lunn, Timothy"]
[Black "Willmoth, Robert"]
[Result "0-1"]
[WhiteElo "1872"]
[BlackElo "2184"]
[PlyCount "74"]
[EventDate "1999.08.02"]
[EventType "swiss"]
[EventRounds "11"]
[EventCountry "GBR"]

1. d4 d6 2. c4 e5 3. dxe5 dxe5 4. Qxd8+ Kxd8 5. Nf3 f6 6. Nc3 Be6 7. b3 Nd7 8.
g3 c6 9. Bg2 Kc7 10. O-O Ne7 11. Rd1 Ng6 12. Bb2 a5 13. Rac1 h5 14. h4 Nc5 15.
Nd2 Bg4 16. Kh2 a4 17. Bh3 Bxh3 18. Kxh3 axb3 19. axb3 Be7 20. Kg2 f5 21. b4
Na4 22. Nxa4 Rxa4 23. b5 Rd8 24. bxc6 bxc6 25. Bc3 Bb4 26. Bxb4 Rxb4 27. Kf1 e4
28. Ke1 Ne5 29. Rb1 Rdb8 30. Ra1 g6 31. Rdc1 R8b7 32. Ra5 Kd6 33. Rd1 Ke6 34.
Rc1 Rb2 35. Ra3 R7b4 36. Rac3 Ra4 37. R3c2 Rxc2 0-1

[Event "GBR-ch86 Major Open"]
[Site "Scarborough"]
[Date "1999.08.10"]
[Round "8"]
[White "Willmoth, Robert"]
[Black "Cooper, Lawrence"]
[Result "1/2-1/2"]
[WhiteElo "2184"]
[BlackElo "2320"]
[PlyCount "24"]
[EventDate "1999.08.02"]
[EventType "swiss"]
[EventRounds "11"]
[EventCountry "GBR"]

1. e4 e5 2. Nc3 Nf6 3. g3 Bc5 4. Bg2 Nc6 5. d3 O-O 6. Be3 Bxe3 7. fxe3 d6 8.
Qd2 Be6 9. Nf3 Ne7 10. h3 c6 11. O-O Ng6 12. Qf2 Qb6 1/2-1/2

[Event "GBR-ch86 Major Open"]
[Site "Scarborough"]
[Date "1999.08.11"]
[Round "9"]
[White "Ray, Christopher"]
[Black "Willmoth, Robert"]
[Result "0-1"]
[WhiteElo "2256"]
[BlackElo "2184"]
[PlyCount "59"]
[EventDate "1999.08.02"]
[EventType "swiss"]
[EventRounds "11"]
[EventCountry "GBR"]

1. e4 d6 2. d4 Nf6 3. Nc3 c6 4. Nf3 Bg4 5. h3 Bh5 6. Qe2 e6 7. Bg5 Be7 8. O-O-O
d5 9. e5 Nfd7 10. Bxe7 Qxe7 11. g4 Bg6 12. Nd2 a6 13. f4 h6 14. Bg2 Bh7 15.
Rhf1 Nb6 16. f5 N8d7 17. Qe3 O-O-O 18. Rf2 Kb8 19. Rdf1 Bg8 20. Qg3 Ka8 21. Kb1
c5 22. dxc5 Qxc5 23. Re1 Rc8 24. Nb3 Qc7 25. Bf1 f6 26. fxe6 Bxe6 27. Nd4 Bg8
28. Ncb5 Qc5 29. Nb3 Qb4 30. a3 0-1

[Event "GBR-ch86 Major Open"]
[Site "Scarborough"]
[Date "1999.08.12"]
[Round "10"]
[White "Rutter, Nicholas"]
[Black "Willmoth, Robert"]
[Result "0-1"]
[WhiteElo "2120"]
[BlackElo "2184"]
[PlyCount "46"]
[EventDate "1999.08.02"]
[EventType "swiss"]
[EventRounds "11"]
[EventCountry "GBR"]

1. e4 d6 2. d4 Nf6 3. Nc3 g6 4. f4 Bg7 5. e5 Nfd7 6. Nf3 O-O 7. h4 c5 8. h5
cxd4 9. hxg6 dxc3 10. Rxh7 Nxe5 11. Nxe5 fxg6 12. Nxg6 Kxh7 13. Qh5+ Kg8 14.
Bd3 Nc6 15. Be3 Rf7 16. Bc4 e6 17. O-O-O Qa5 18. Qh4 Rf6 19. Rh1 Rxg6 20. Qh7+
Kf7 21. f5 Rf6 22. Bh6 Rxh6 23. fxe6+ Bxe6 0-1

[Event "GBR-ch86 Major Open"]
[Site "Scarborough"]
[Date "1999.08.13"]
[Round "11"]
[White "Willmoth, Robert"]
[Black "Wise, David"]
[Result "1/2-1/2"]
[WhiteElo "2184"]
[BlackElo "2064"]
[PlyCount "80"]
[EventDate "1999.08.02"]
[EventType "swiss"]
[EventRounds "11"]
[EventCountry "GBR"]

1. e4 c5 2. d3 Nc6 3. Nf3 g6 4. g3 Bg7 5. Bg2 d6 6. O-O e5 7. Nc3 Nge7 8. Ne1
O-O 9. Be3 Be6 10. h3 Qd7 11. Kh2 Nd4 12. Qd2 f5 13. f4 exf4 14. Bxf4 Rae8 15.
Nf3 Nxf3+ 16. Rxf3 d5 17. Rf2 fxe4 18. dxe4 d4 19. Nd1 Nc6 20. Bh6 Ne5 21. Bxg7
Kxg7 22. Rf4 h6 23. b3 g5 24. Rf2 b6 25. Qe2 Qd6 26. Rxf8 Rxf8 27. Nf2 Kg6 28.
Nd3 h5 29. Kh1 Nxd3 30. Qxd3 Qe5 31. Rf1 Rxf1+ 32. Bxf1 h4 33. gxh4 gxh4 34.
Bg2 Kg5 35. a4 Qg3 36. Qf1 Qf4 37. Qe1 Qg3 38. Qc1+ Kf6 39. Qh6+ Ke5 40. Qh8+
Kf4 1/2-1/2